000 00530nam a2200181 4500
001 137546
003 ES-MaACL
005 20230906195408.0
007 t|
008 070214s1973 sp r ||||1| spa d
100 1 _aSánchez-Casas, Carlos.
_9102535
245 1 0 _aFourier
_b: ¿socialista utópico? /
_cCarlos Sánchez-Casas, Felipe Guerra.
260 _aBilbao :
_bZero,
_c1973.
300 _a112 p. ;
_c20 cm.
650 4 _aFourierismo.
_9149689
700 1 _aGuerra, Felipe.
_960488
852 _aES-MaACL
_jC-52556
_bR.85461
999 _c137546
_d137546